[Event "36. Abierto Ciudad de Sevilla"]
[Site "Sevilla ESP"]
[Date "2011.01.14"]
[Round "8.17"]
[White "Burgos Figueroa, Carlos Ernesto"]
[Black "Fernandez-Martos Machado, Eduar"]
[Result "1-0"]
[WhiteElo "2280"]
[BlackElo "2129"]
[PlyCount "97"]
[EventDate "2011.01.07"]
[EventType "swiss"]
[EventRounds "9"]
[EventCountry "ESP"]
[Source "lmi"]
[SourceDate "2011.01.07"]

1. e4 c5 2. Nf3 Nf6 3. Nc3 e6 4. d3 b6 5. g3 Bb7 6. Bg2 Be7 7. O-O d6 8. h3 O-O
9. Nh2 Nc6 10. f4 Nd4 11. g4 Qc7 12. Be3 Rfe8 13. g5 Nd7 14. Ne2 Rac8 15. Rf2
Nxe2+ 16. Qxe2 d5 17. Ng4 dxe4 18. dxe4 c4 19. Raf1 Bc5 20. Kh1 Bxe3 21. Nxe3
c3 22. b3 Nc5 23. Nc4 Rcd8 24. Qe3 b5 25. Ne5 b4 26. Re1 Qd6 27. Nc4 Qd4 28.
Qxd4 Rxd4 29. e5 Ne4 30. Bxe4 Bxe4+ 31. Kh2 Red8 32. Nd6 Bg6 33. Kg3 Kf8 34.
Ref1 Bf5 35. Ra1 Rd7 36. a3 bxa3 37. Rxa3 Rd2 38. b4 Rc7 39. Ra2 Ke7 40. h4 f6
41. Nb5 Rc4 42. Rxa7+ Kf8 43. Nd6 Rxf2 44. exf6 gxf6 45. Nxc4 Rxc2 46. gxf6 Be4
47. Nd6 Rb2 48. Kh3 c2 49. Rd7 1-0

[Event "36. Abierto Ciudad de Sevilla"]
[Site "Sevilla ESP"]
[Date "2011.01.14"]
[Round "8.18"]
[White "Garcia Jimenez, Francisco Javier"]
[Black "Morales Araujo, Francisco Javier"]
[Result "1-0"]
[WhiteElo "2274"]
[BlackElo "2106"]
[PlyCount "47"]
[EventDate "2011.01.07"]
[EventType "swiss"]
[EventRounds "9"]
[EventCountry "ESP"]
[Source "lmi"]
[SourceDate "2011.01.07"]

1. e4 c5 2. Nc3 Nc6 3. g3 Nf6 4. Bg2 e6 5. Nge2 d5 6. exd5 exd5 7. d4 cxd4 8.
Nxd4 Bg4 9. Qd3 Bc5 10. Nxc6 bxc6 11. O-O O-O 12. Na4 Qa5 13. Nxc5 Qxc5 14. Be3
Qd6 15. c4 Rfd8 16. cxd5 Nxd5 17. Rac1 Nxe3 18. Qxe3 Qd2 19. Qa3 Be2 20. Rfe1
Rab8 21. b3 a5 22. Qc5 Rbc8 23. Qc2 c5 24. Rxe2 1-0

[Event "36. Abierto Ciudad de Sevilla"]
[Site "Sevilla ESP"]
[Date "2011.01.14"]
[Round "8.20"]
[White "Korneev, Oleg"]
[Black "Van Hoolandt, Patrick"]
[Result "1-0"]
[WhiteElo "2576"]
[BlackElo "2158"]
[PlyCount "71"]
[EventDate "2011.01.07"]
[EventType "swiss"]
[EventRounds "9"]
[EventCountry "ESP"]
[Source "lmi"]
[SourceDate "2011.01.07"]

1. e4 e5 2. Bc4 Nc6 3. Nc3 Nf6 4. d3 Bc5 5. Bg5 h6 6. Bh4 d6 7. Na4 Bb6 8. Nxb6
axb6 9. Ne2 g5 10. Bg3 Na5 11. Nc3 Nxc4 12. dxc4 Be6 13. b3 h5 14. f3 h4 15.
Bf2 Nh5 16. Qd2 Nf4 17. Be3 h3 18. g3 Ng2+ 19. Kd1 Qf6 20. Rf1 Nxe3+ 21. Qxe3
g4 22. Kc1 gxf3 23. Kb2 Qg7 24. Rxf3 O-O-O 25. a4 Bg4 26. Rf2 f5 27. exf5 Rdf8
28. Raf1 Rh6 29. Nd5 e4+ 30. f6 Qh7 31. Rf4 Bf3 32. g4 Rh4 33. g5 Rxf4 34. Qxf4
c6 35. g6 Qh5 36. g7 1-0